Lanean...

Vimarsanakalayile Darsanika Prashnangal

Xehetasun bibliografikoak
Egile nagusia: Mritheunjayan V.M
Formatua: Printed Book
Hizkuntza:Malayalam
Argitaratua: Granthakartha Granthakartha 1999
LEADER 00481nam a2200121Ia 4500
008 111205s9999 xx 000 0 mal d
100 |a Mritheunjayan V.M 
245 |a Vimarsanakalayile Darsanika Prashnangal  |c Mritheunjayan V.M 
260 |b Granthakartha  |a Granthakartha  |c 1999 
300 |a 148 
942 |c BK 
999 |c 209083  |d 209083 
952 |0 0  |1 0  |2 ddc  |4 0  |6 809_000000000000000_MRI_V  |7 0  |9 231282  |a MAL  |b MAL  |c ST1  |d 2011-12-05  |g 45.00  |l 1  |o 809 MRI/V  |p MAL26359  |r 2019-03-14  |s 2019-03-12  |v 45.00  |w 2011-12-05  |y BK